LEADER 01008nam a2200277 i 4500 001 000000176934 003 CaOOAMICUS 005 20090120000000.0 008 090120s1982 it u000 u ita u 013 $a154436 040 $aSeMil$bita 100 1 $aIbsen, Henrik <1828-1906>.$0(OLS)http://semarc/name/8779 245 10$aPeer Gynt /$cHenrik Ibsen ; Traduzione di Anita Rho. 250 $aQuarta ed. 260 $aTorino :$bGiulio Einaudi,$c1982. 300 $aXXIII, 134 p. 490 0 $aCollezione di teatro ;$v194 500 $aFondo card. Giovanni Colombo. 700 1 $aRho, Anita.$0(OLS)http://semarc/name/8237 830 0$aCollezione di teatro ;$v194.$0(OLS)http://semarc/title/6906 850 $aSeMil 852 $aSeMil$W1$xVenegono$y1$m1T I 85$j235990$B127748$CSeMilBibl$Z2$F139727 $81 941 1 $a3 961 $aLascito: Colombo Card. Giovanni 996 $6245$aPeer Gynt$9(OLS)http://semarc/title/254093 996 $6260$aTorino :$bGiulio Einaudi$9(OLS)http://semarc/publisher/29810 LEADER 01293nam a2200265 i 4500 001 000000047350 003 CaOOAMICUS 005 20240418153031.0 008 150924s1985 it u000 u ita u 013 $a18520 040 $aSeMil$bita 100 1 $aDemocrazia Cristiana.$0(OLS)http://semarc/name/3420 245 10$aAtti del 16. Congresso Nazionale della Democrazia Cristiana :$bRoma, 24-28 febbraio 1984 /$ca cura di Carlo Dané e dell' Ufficio Documentazione Spes della Direzione nazionale DC. 260 $aRoma :$bCinque Lune,$ccopyr. 1985. 300 $a959 p. ;$c24 cm. 500 $aContiene : Appendice. - In preliminari : Fondo Conti. 650 4$aDemocrazia Cristiana <1943-1994> - Congressi e convegni.$0(OLS)http://semarc/subject/38488 700 1 $aDemocrazia Cristiana : Ufficio Documentazione Spes.$0(OLS)http://semarc/name/23539 700 1 $aDanč, Carlo.$0(OLS)http://semarc/name/7861 850 $aSeMil 852 $aSeMil$W1$xVenegono$y1$m3N VI 229$j13505$B13505$CSeMilBibl$Z2$F13505 $81 961 $aOmaggio: Conti Franco 996 $6245$aAtti del 16. Congresso Nazionale della Democrazia Cristiana :$bRoma, 24-28 febbraio 1984$9(OLS)http://semarc/title/71300 996 $6260$aRoma :$bCinque Lune$9(OLS)http://semarc/publisher/31289